Estatísticas para Chile

Clique aqui para jogar o quiz

Estatísticas Gerais

  • Esse quiz foi jogado 24 vezes
    (22 desde o último reset)
  • A pontuação média é 12 de 15

Estatísticas das Respostas

HintResposta% Correto
Onde fica?América do Sul
100%
Com que país faz fronteira a Leste?Argentina
100%
Qual é o seu idioma?Espanhol
100%
Qual é a sua capital?Santiago
100%
Com que país faz fronteira a Nordeste?Bolívia
95%
De que país é independente?Espanha
95%
Com que oceano faz fronteira a Oeste?Pacífico
90%
Com que país faz fronteira a Norte?Peru
90%
Com que oceano faz fronteira a Leste?Atlântico
86%
Qual é o desporto mais praticado no país?Futebol
86%
Qual é a sua religião?Cristianismo
81%
Como se chama a sua moeda?Peso chileno
76%
Qual é o seu código ISO?CHL
48%
Como se chama a dança nacional do país?Cueca
5%
Qual é o prato típico do país?Cazuela
0%

Distribuição das Pontuações

Percentil de Números Respondidos

Porcentagem de Pessoas com Cada Pontuação

Sua Pontuação Histórica

Você não jogou esse quiz desde o último reset